Indian women : (Record no. 125493)

MARC details
000 -LEADER
fixed length control field 00750nam a22002297a 4500
005 - DATE AND TIME OF LATEST TRANSACTION
control field 20170124105955.0
010 ## - LIBRARY OF CONGRESS CONTROL NUMBER
LC control number B-058859
020 ## - INTERNATIONAL STANDARD BOOK NUMBER
Terms of availability 00.00
International Standard Book Number 8174451331
035 ## - SYSTEM CONTROL NUMBER
System control number B-058859
037 ## - SOURCE OF ACQUISITION
Source of stock number/acquisition Cen Lib/Ret
040 ## - CATALOGING SOURCE
Original cataloging agency DPL
Language of cataloging EN
082 ## - DEWEY DECIMAL CLASSIFICATION NUMBER
Classification number 305.4
Item number GUP
100 ## - MAIN ENTRY--PERSONAL NAME
Personal name Gupta, N.L.
9 (RLIN) 14542
245 ## - TITLE STATEMENT
Title Indian women :
Statement of responsibility, etc by N.L. Gupta
Remainder of title tradition and social panorama /
260 ## - PUBLICATION, DISTRIBUTION, ETC. (IMPRINT)
Place of publication, distribution, etc New Delhi
Name of publisher, distributor, etc Mohit Publications
Date of publication, distribution, etc 2001
270 ## - ADDRESS
City New Delhi
Address 4675/21, Ansari Road, Daryaganj
Postal code 110002
300 ## - PHYSICAL DESCRIPTION
Extent vi,168p. :
Dimensions 22cm(Hb)
500 ## - GENERAL NOTE
General note Includes bibliographical references and index
650 ## - SUBJECT ADDED ENTRY--TOPICAL TERM
Topical term or geographic name as entry element Women -- India -- Social conditions.
9 (RLIN) 6885
650 ## - SUBJECT ADDED ENTRY--TOPICAL TERM
Topical term or geographic name as entry element Women and religion -- India.
9 (RLIN) 14543
942 ## - ADDED ENTRY ELEMENTS (KOHA)
Source of classification or shelving scheme Dewey Decimal Classification
Koha item type English Books
Classification part 305.4
Call number suffix GUP
Holdings
Withdrawn status Lost status Damaged status Not for loan Home library Current library Date acquired Source of acquisition Cost, normal purchase price Total Checkouts Full call number Barcode Date last seen Date checked out Copy number Cost, replacement price Price effective from Koha item type Source of classification or shelving scheme Collection code
        Central Library Central Library 22/06/2015 Cen Lib/Ret 0.00 1 305.4 GUP B-058859 05/07/2022 27/06/2022 1 0.00 22/06/2015 English Books    
        Sarojini Nagar Sarojini Nagar 04/07/2018       305.4 GUP B-058861 18/07/2018       04/07/2018 English Books Dewey Decimal Classification Non-fiction

© Delhi Public Library
Hit Counter
free hit counter